[Event "EU-chT Seniors 65"]
[Site "Walbrzych"]
[Date "2018.04.21"]
[Round "8.4"]
[White "Marks, Ian Alexander"]
[Black "Andersson, Kenneth"]
[Result "1-0"]
[WhiteElo "1895"]
[BlackElo "1763"]
[PlyCount "63"]
[EventDate "2018.04.14"]
[EventType "team-swiss"]
[EventRounds "9"]
[EventCountry "POL"]
[SourceTitle "CBM 184 Extra"]
[Source "ChessBase"]
[SourceDate "2018.06.28"]
[SourceVersion "1"]
[SourceVersionDate "2018.06.28"]
[SourceQuality "1"]
[WhiteTeam "Scotland 65"]
[BlackTeam "Sweden 65 III"]
[WhiteTeamCountry "SCO"]
[BlackTeamCountry "SWE"]

1. d4 d5 2. c4 c6 3. Nf3 Nf6 4. Nc3 Bf5 5. cxd5 Nxd5 6. Nd2 Nxc3 7. bxc3 e6 8. e4 Bg6 9. Bd3 Be7 10. 0-0 Nd7 11. f4 h6 12. Qe2 0-0 13. Nf3 b5 14. Kh1 a6 15. Be3 Re8 16. Rad1 Rc8 17. Ne5 Nxe5 18. dxe5 Qc7 19. f5 exf5 20. exf5 Bh7 21. f6 Bxd3 22. Rxd3 Bf8 23. Bxh6 Qxe5 24. Re3 Qb8 25. Bxg7 Rxe3 26. Qxe3 Bxg7 27. Qg5 Kf8 28. Qxg7+ Ke8 29. Qg8+ Kd7 30. Qxf7+ Kd6 31. Qe7+ Kd5 32. Ra1 1-0